The new middle classes : life-styles, status claims and political orientations
Αποθηκεύτηκε σε:
| Άλλοι συγγραφείς: | |
|---|---|
| Μορφή: | Βιβλίο |
| Γλώσσα: | English |
| Δημοσίευση: |
London :
Macmillan,
1995.
|
| Θέματα: | |
| Ετικέτες: |
Προσθήκη ετικέτας
Δεν υπάρχουν, Καταχωρήστε ετικέτα πρώτοι!
|
MARC
| LEADER | 00000cam a2200000 i 4500 | ||
|---|---|---|---|
| 001 | 1/102368 | ||
| 008 | 950503s1995 eng d | ||
| 020 | |a 0-333-61759-2 | ||
| 035 | |l 10012477 | ||
| 040 | |a GR-MY-UA |b gre |e aacr | ||
| 041 | 0 | |a eng | |
| 082 | 0 | |a 305.55 | |
| 245 | 1 | 4 | |a The new middle classes : |b life-styles, status claims and political orientations / |c edited by Arthur J. Vidich. |
| 260 | |a London : |b Macmillan, |c 1995. | ||
| 300 | |a 405 σ. | ||
| 504 | |a Περιλαμβάνει ευρετήριο. | ||
| 650 | 0 | 0 | |a Middle class. |
| 650 | 0 | 0 | |a Middle class |z United States. |
| 700 | 1 | |a Vidich, Arthur J. |e edt | |
| 852 | |a INST |b LESVOS |e 19950503 |h 305.55 NEW |p 005100001359 |q 005100001359 |t BK |y 0 | ||
| 909 | |a Λ |b 040640 | ||
| 922 | |a 1ΔΩΡ |b 199505 |c ΤΚΑ | ||